Guess the Famous People from their Eyes #20 - Statistics

General Stats
  • This quiz has been taken 271 times
  • The average score is 7 of 16
Answer Stats
Picture Answer % Correct
Ryan Gosling
90%
George Clooney
71%
Elizabeth Olsen
70%
Emilia Clarke
63%
Paul Walker
58%
Courteney Cox
56%
Hailee Steinfeld
48%
Tiger Woods
45%
Jerry Seinfeld
42%
Tyra Banks
38%
Elizabeth Taylor
31%
Roger Moore
27%
Aaron Taylor-Johnson
26%
Floyd Mayweather Jr.
26%
Denise Richards
19%
Ana Ivanovic
2%
No matching quizzes found
Score Distribution
Percent of People with Each Score
Percentile by Number Answered
Your Score History
You have not taken this quiz